Statistics for Most Popular The Weeknd songs on Youtube

Click here to take the quiz!

General Stats

  • This quiz has been taken 78 times
  • The average score is 14 of 20

Answer Stats

No of ViewsTypeAnswer% Correct
704 M viewsVideo SongBlinding Lights
97%
739 M viewsAudio SongBlinding Lights
97%
2.2 B viewsVideo SongStarboy
95%
201 M viewsLive From The Victoria’s Secret Fashion Show 2016Starboy
95%
1.9 B viewsVideo SongThe Hills
91%
265 M viewsVideo Song (Remix)Save Your Tears
88%
1.1 B viewsVideo SongSave Your Tears
88%
177 M viewsLive on The 2021 iHeart Radio Music Awards (Remix)Save Your Tears
88%
1.3 B viewsVideo SongCan't Feel My Face
79%
1 B viewsVideo SongI Feel It Coming
76%
860 M viewsVideo SongCall Out My Name
73%
170 M viewsVideo SongHeartless
68%
740 M viewsVideo SongEarned It
64%
264 M viewsLyrical Video SongEarned It
64%
503 M viewsVideo SongOften
59%
242 M viewsVideo SongWicked Games
58%
404 M viewsVideo SongReminder
52%
219 M viewsVideo SongFalse Alarm
42%
244 M viewsLyrical Video SongPray For Me
39%
201 M viewsVideo SongSecrets
20%

Score Distribution

Percentile by Number Answered

Percent of People with Each Score

Your Score History

You have not taken this quiz